| 000 | 00647nam a2200217Ia 4500 | ||
|---|---|---|---|
| 003 | PILC | ||
| 005 | 20160223081730.0 | ||
| 008 | 140429s9999 xx 000 0 und d | ||
| 020 | _a9781439085295 | ||
| 050 |
_aD 421 _b.St677 2010 |
||
| 100 | _aStoessinger, John G. | ||
| 245 |
_aWhy nations go to war / _cJohn G. Stoessinger. |
||
| 250 | _a11th edition. | ||
| 260 |
_aBoston : _bWadsworth Cengage Learning, _c2010. |
||
| 300 |
_a462 pages : _billustrations ; _c22 cm. |
||
| 500 | _aIncludes bibliographical references and index. | ||
| 650 |
_aHistory, Modern _x20th century. |
||
| 650 | _aWar. | ||
| 942 |
_kFOR _cBK _2lcc |
||
| 999 |
_c115729 _d115729 |
||